Australia : the journey
Сохранить в:
| Главный автор: | |
|---|---|
| Формат: | |
| Язык: | Undetermined |
| Опубликовано: |
Archerfield, Qld.
Steve Parish Pub.
2002
|
| Предметы: | |
| Метки: |
Добавить метку
Нет меток, Требуется 1-ая метка записи!
|
| Thư viện lưu trữ: | Trung tâm Học liệu Trường Đại học Cần Thơ |
|---|
| LEADER | 00559nam a2200217Ia 4500 | ||
|---|---|---|---|
| 001 | CTU_171491 | ||
| 008 | 210402s9999 xx 000 0 und d | ||
| 020 | |c 34.95 | ||
| 082 | |a 919.4 | ||
| 082 | |b P233 | ||
| 100 | |a Parish, Steve | ||
| 245 | 0 | |a Australia : | |
| 245 | 4 | |b the journey | |
| 245 | 0 | |c Steve Parish | |
| 260 | |a Archerfield, Qld. | ||
| 260 | |b Steve Parish Pub. | ||
| 260 | |c 2002 | ||
| 650 | |a Australia,Du lịch Úc | ||
| 650 | |x travel and discription | ||
| 910 | |a Nguyên | ||
| 980 | |a Trung tâm Học liệu Trường Đại học Cần Thơ | ||